| 000 | 00672nam a2200181 a 4500 | ||
|---|---|---|---|
| 003 | 0 | ||
| 005 | 20250217141414.0 | ||
| 008 | 110617s19uu xx 00 eng d | ||
| 050 |
_aPHS HQ 799.2.P6 _b.M42 2011 |
||
| 100 | _aMatibag, Abbey Geraldine P. | ||
| 245 |
_aTeenage awareness on local/national and world/international issues / _cAbbey Geraldine P. Matibag. |
||
| 260 |
_aLas PiƱas City, Philippines : _bSouthville International School and Colleges, _c2011. |
||
| 300 |
_a31 pages : _billustrations ; _c28 cm. |
||
| 504 | _aIncludes bibliographical references. | ||
| 650 |
_aCurrent awareness _xdescriptive. |
||
| 650 |
_aTeenagers _xdescriptive. |
||
| 942 |
_2lcc _cPASS |
||
| 999 |
_c98546 _d98546 |
||